000 00650nam a2200217 4500
003 OSt
005 20151103182925.0
008 840326s1983 sp 0000 spa
020 _a84-7530-304-8 (obra completa)
040 _cBMC
082 _a813.5
100 1 _aShaw, Irwin
_d1913-1984‏
_936959
245 1 0 _aHombre rico, hombre pobre
_cIrwin Shaw; [traducción, J. Ferrer Aleu]
260 _aBarcelona
_bOrbis
_c1983
300 _a2 v.
_c20 cm
490 0 _aBiblioteca Grandes éxitos
_v6, 7
595 _aTraducción de: Rich man, poor man
650 2 4 _917595
_aNovela norteamericana
700 1 _aFerrer Aleu, J.
_94852
942 _2ddc
_cBK
999 _c23212
_d23212